Protection of rubber wood against the insect borer Sinoxylon anale les (Coleoptera: Bostrychidae) (Record no. 48022)

MARC details
000 -LEADER
fixed length control field 00833nam a2200157Ia 4500
100 ## - MAIN ENTRY--AUTHOR NAME
Personal name Gnanaharan R
245 #0 - TITLE STATEMENT
Title Protection of rubber wood against the insect borer Sinoxylon anale les (Coleoptera: Bostrychidae)
260 ## - PUBLICATION, DISTRIBUTION, ETC. (IMPRINT)
Name of publisher Journal of the Indian Acadamy of Wood Science
Year of publication 1983
300 ## - PHYSICAL DESCRIPTION
Number of Pages 9-Nov
520 ## - SUMMARY, ETC.
Summary, etc Insect borers which attack rubber wood in Kerala have been listed. Sinoxylon anale was noted to cause serious economic loss. Treatment of rubber wood with 10;boric acid equivalent (BAE) solution containing 0.5;sodium pentachloride by diffusion by diffusion process to dry salt retention of about 0.4;BAE has been found to give protection against S. anale attack.
650 ## - SUBJECT ADDED ENTRY--TOPICAL TERM
Topical Term Rubberwood protection
700 ## - ADDED ENTRY--PERSONAL NAME
Personal name Damodharan T K
700 ## - ADDED ENTRY--PERSONAL NAME
Personal name Mathew G
942 ## - ADDED ENTRY ELEMENTS (KOHA)
Koha item type Bibliography RLWO
Holdings
Withdrawn status Lost status Damaged status Not for loan Home library Current library Date acquired Serial Enumeration / chronology Koha item type
      Bibliography RRII Library RRII Library 31/12/2021 Volume 14, Issue 1 Bibliography RLWO